Top des meilleurs séries d’animation - Statistiques

Statistiques générales
  • Ce quiz a été pris 55 fois
  • Le résultat moyen est 7 sur 30
Statistiques - réponses
Ordre Note Réponse % Correct
25 8,7 Naruto: Shippuden
77%
13 9 One Piece
77%
18 8,8 Dragon Ball Z (1989)
56%
16 8,8 Dragon Ball Z (1996)
56%
4 9,1 L'Attaque des Titans
54%
14 9 Bleach: Thousand-Year Blood War
40%
28 8,6 Les Simpson
40%
9 8,9 Death Note
33%
5 9 Rick et Morty
25%
15 8,8 BoJack Horseman
21%
3 9,1 Fullmetal Alchemist: Brotherhood
21%
19 8,7 South Park
19%
22 8,7 Berserk
17%
8 9 Hunter x Hunter
17%
7 9 Arcane
15%
2 9,3 Bluey
13%
10 8,9 Souvenirs de Gravity Falls
13%
1 9,3 Avatar, le dernier maître de l'air
12%
30 8,7 Code Geass: Lelouch of the Rebellion
12%
24 8,7 Monster
12%
17 8,8 Vinland Saga
12%
12 8,9 Frieren: Beyond Journey's End
10%
27 8,7 Invincible
10%
29 8,7 Justice League Unlimited
8%
21 8,8 Steins;Gate
8%
6 9 Batman
6%
11 8,9 Cowboy Bebop
6%
26 8,7 Blue Eye Samurai
4%
23 8,7 X-Men '97
4%
20 8,7 La Forêt de l'Étrange
2%
Aucun quiz correspondant
Distribution des résultats
% des personnes avec chaque résultat
Percentile par nombre de réponses
Votre historique - résultats
Vous n’avez pas pris ce quiz